Law and Mental Disorder A Comprehensive and Practical Approach /

Detalles Bibliográficos
Autor principal: Schneider, Richard D.
Otros Autores: Bloom, Hy
Formato: eBook
Lenguaje:inglés
Publicado: Toronto: Irwin Law Inc., 2013
Materias:
Acceso en línea:Acceso restringido

MARC

LEADER 00000nam a22000007a 4500
005 2021081108108.0
007 cr|||| ||||
008 210811s2013 ca |||||s|||| 00||0 eng d
020 |a 978-1-55221-332-2 
035 |a 34933 
040 |a vLex 
090 |c 11980  |d 11980 
100 1 |a Schneider, Richard D. 
245 1 0 |a Law and Mental Disorder  |h [Recurso electrn̤ico] :  |b A Comprehensive and Practical Approach /  |c Richard D. Schneider, Hy Bloom 
256 |a Servicio en ln̕ea 
260 |a Toronto:  |b Irwin Law Inc.,  |c 2013 
300 |a 1 recurso electrn̤ico 
506 1 |a Disponible solo en los productos indicados  |d vLex Global  |d vLex Global (Academic Edition, excluding Law Schools)  |d vLex Global (U.S. Academic Edition, Law Schools)  |d vLex Global (U.S. Academic Edition, excluding Law Schools)  |d vLex Global (Academic Edition, Law Schools) 
650 0 4 |a Derecho Penal  |z Canad̀ 
700 1 |a Bloom, Hy 
740 0 |a vLex Libros (Servicio en ln̕ea) 
856 4 0 |u https://app.vlex.com/#/sources/34933  |z Acceso restringido 
942 |c BOOK 
999 0 |a Criminal law